| 000 | 00985nam a22002775a 4500 | ||
|---|---|---|---|
| 008 | 161114t2015 xxu||||fr|||| 001 0 eng d | ||
| 020 | _a9781107437203 | ||
| 040 |
_aEG-ScBUE _beng _cEG-ScBUE |
||
| 082 |
_222 _a363.325094 _bRAB |
||
| 100 | 1 | _aRabasa, Angel | |
| 245 |
_aEurojihad : _bPatterns of Islamist radicalization and terrorism in Europe / _cAngel Rabasa |
||
| 260 |
_aNew York : _bCambridge University Press, _c2015. |
||
| 300 |
_axvi, 229 p. : _bill. ; _c24 cm. |
||
| 500 | _aIndex : p. 217-229. | ||
| 504 | _aBibliography : p. 197-216 | ||
| 590 | _aSuzan Ashmawy | ||
| 650 | 7 |
_2BUEsh _aIslamic fundamentalism. _zEurope. _912715 |
|
| 650 | 7 |
_aRadicalism. _xReligious aspects _xIslam. |
|
| 650 | 7 |
_aTerrorism _xReligious aspects _xIslam. _911981 |
|
| 650 | 7 |
_aMuslims _xSocial conditions. _zEurope |
|
| 650 | 7 |
_aTerrorism _xPrevention _xGovernment polic. _zEurope. |
|
| 651 | _2BUEsh | ||
| 653 |
_bBUSBOL _cOctober2015 |
||
| 700 | 1 |
_a Benard, Cheryl _eauthor. |
|
| 942 | _2ddc | ||
| 999 |
_c23114 _d23086 |
||